000 00515nam a22001937a 4500
005 20150817170235.0
010 _aENG-113491
020 _c150.00
_a9350571056
020 _c150.00
_a9789350571057
035 _aEN-97023
037 _bDBAD/PUB
082 _aS
245 _aGreatest science fiction stories
260 _aNew Delhi
_bV &S Publishers
_c2014
270 _aF-216, Ansari Road, Daryaganj
_bNew Delhi
_e110002
300 _a200p.
_c22cm(pbk)
490 _aClassic series
942 _2ddc
_cEN
_mGRE
_hS
999 _c94962
_d94962